[Event "Turniej Przyjazni Polsko-Wegierskiej"]
[Site "Katowice"]
[Date "2018.05.05"]
[Round "5.2"]
[White "Lewicki, Miroslaw"]
[Black "Razin, Vadim"]
[Result "1-0"]
[BlackElo "2373"]
[WhiteElo "2294"]
[LiveChessVersion "1.4.8"]

1. e4 {[%clk 0:15:19]} e6 {[%clk 0:15:19]} 2. d4 {[%clk 0:15:26]} d5
{[%clk 0:15:27]} 3. exd5 {[%clk 0:15:26]} exd5 {[%clk 0:15:36]} 4. Nf3
{[%clk 0:15:29]} Nf6 {[%clk 0:15:45]} 5. Bd3 {[%clk 0:15:28]} c5 {[%clk 0:15:53]}
6. c3 {[%clk 0:15:30]} Be7 {[%clk 0:15:50]} 7. O-O {[%clk 0:15:35]} O-O
{[%clk 0:15:52]} 8. dxc5 {[%clk 0:15:39]} Bxc5 {[%clk 0:15:56]} 9. Nbd2
{[%clk 0:15:40]} Bg4 {[%clk 0:14:04]} 10. Nb3 {[%clk 0:15:30]} Bb6
{[%clk 0:14:12]} 11. h3 {[%clk 0:15:35]} Bh5 {[%clk 0:13:57]} 12. Bg5
{[%clk 0:15:21]} Nc6 {[%clk 0:13:23]} 13. Be2 {[%clk 0:14:35]} Re8
{[%clk 0:12:03]} 14. Nfd4 {[%clk 0:14:16]} Bxe2 15. Nxe2 h6 {[%clk 0:08:59]} 16.
Bh4 {[%clk 0:14:18]} Qd6 {[%clk 0:08:44]} 17. Bg3 {[%clk 0:13:16]} Qd7
{[%clk 0:08:37]} 18. Qd3 {[%clk 0:12:55]} Rad8 {[%clk 0:05:59]} 19. Rad1
{[%clk 0:12:59]} Ne4 {[%clk 0:04:59]} 20. Ned4 {[%clk 0:10:50]} Ne5
{[%clk 0:03:51]} 21. Bxe5 {[%clk 0:10:53]} Rxe5 {[%clk 0:04:00]} 22. Nf3
{[%clk 0:09:37]} Re7 {[%clk 0:02:59]} 23. Nbd4 {[%clk 0:09:22]} a6
{[%clk 0:02:58]} 24. Qc2 {[%clk 0:08:43]} Qc7 {[%clk 0:02:27]} 25. Qb3
{[%clk 0:07:52]} Ba7 {[%clk 0:02:17]} 26. Nc2 {[%clk 0:06:46]} Red7
{[%clk 0:01:24]} 27. Ncd4 {[%clk 0:06:46]} Re7 {[%clk 0:01:33]} 28. Nc2
{[%clk 0:06:14]} Red7 {[%clk 0:01:41]} 29. Ncd4 {[%clk 0:06:21]} Qf4
{[%clk 0:01:45]} 30. Rfe1 {[%clk 0:05:37]} Bb8 {[%clk 0:01:40]} 31. Re3
{[%clk 0:05:23]} Ba7 {[%clk 0:01:04]} 32. Qc2 {[%clk 0:05:17]} Qf6
{[%clk 0:01:00]} 33. Qe2 {[%clk 0:04:59]} Rc7 {[%clk 0:00:51]} 34. g3
{[%clk 0:04:51]} Bb8 {[%clk 0:00:46]} 35. Kg2 {[%clk 0:04:59]} b5
{[%clk 0:00:18]} 36. a3 {[%clk 0:05:04]} Rcd7 {[%clk 0:00:25]} 37. Nd2
{[%clk 0:04:37]} Nd6 {[%clk 0:00:21]} 38. Nc6 {[%clk 0:04:04]} Rc8
{[%clk 0:00:17]} 39. Ne7+ {[%clk 0:04:06]} Rxe7 {[%clk 0:00:25]} 40. Rxe7
{[%clk 0:04:15]} Ne4 {[%clk 0:00:16]} 41. Rd7 {[%clk 0:03:05]} Qc6
{[%clk 0:00:12]} 42. Re7 {[%clk 0:02:16]} Qf6 {[%clk 0:00:22]} 43. Rxe4
{[%clk 0:01:58]} dxe4 {[%clk 0:00:31]} 44. Nxe4 {[%clk 0:02:07]} Qc6
{[%clk 0:00:40]} 45. Qf3 {[%clk 0:02:09]} Re8 {[%clk 0:00:32]} 46. Re1
{[%clk 0:02:11]} Re6 {[%clk 0:00:12]} 47. Nd2 {[%clk 0:01:56]} Qd7
{[%clk 0:00:13]} 48. Rxe6 {[%clk 0:01:51]} Qxe6 {[%clk 0:00:21]} 49. Qa8
{[%clk 0:01:51]} Qd6 {[%clk 0:00:12]} 50. Ne4 {[%clk 0:01:47]} Qc7
{[%clk 0:00:13]} 51. Qxa6 {[%clk 0:01:46]} f5 {[%clk 0:00:19]} 52. Qe6+
{[%clk 0:01:51]} Qf7 {[%clk 0:00:22]} 53. Nc5 {[%clk 0:01:44]} Ba7
{[%clk 0:00:16]} 54. Qxf7+ {[%clk 0:01:37]} Kxf7 {[%clk 0:00:26]} 55. Nb3
{[%clk 0:01:46]} Ke6 {[%clk 0:00:18]} 56. Nd4+ {[%clk 0:01:27]} Bxd4
{[%clk 0:00:26]} 57. cxd4 {[%clk 0:01:36]} Kd5 {[%clk 0:00:35]} 58. b3
{[%clk 0:01:37]} Kxd4 59. a4 {[%clk 0:01:47]} b4 {[%clk 0:00:44]} 60. Kf3
{[%clk 0:01:37]} g5 {[%clk 0:00:35]} 61. h4 {[%clk 0:01:09]} Kc3 {[%clk 0:00:26]}
62. a5 {[%clk 0:01:18]} 1-0

[Event "Turniej Przyjazni Polsko-Wegierskiej"]
[Site "Katowice"]
[Date "2018.05.05"]
[Round "5.3"]
[White "Teclaf, Pawel"]
[Black "Piesik, Piotr"]
[Result "1-0"]
[BlackElo "2341"]
[WhiteElo "2241"]
[LiveChessVersion "1.4.8"]

1. e4 {[%clk 0:15:19]} g6 {[%clk 0:15:19]} 2. d4 {[%clk 0:15:25]} Bg7
{[%clk 0:15:28]} 3. Nc3 {[%clk 0:15:34]} c6 {[%clk 0:15:37]} 4. Nf3
{[%clk 0:15:32]} d6 {[%clk 0:15:45]} 5. Be3 {[%clk 0:15:34]} Nf6 {[%clk 0:15:41]}
6. Qd2 {[%clk 0:15:41]} Ng4 {[%clk 0:14:45]} 7. Bf4 {[%clk 0:14:17]} e5
{[%clk 0:14:27]} 8. Bg5 {[%clk 0:12:09]} Qc7 {[%clk 0:14:28]} 9. h3
{[%clk 0:11:42]} Nf6 {[%clk 0:14:36]} 10. Bh6 {[%clk 0:11:44]} O-O
{[%clk 0:14:43]} 11. Bd3 {[%clk 0:11:38]} Re8 {[%clk 0:12:03]} 12. Bxg7
{[%clk 0:11:10]} Kxg7 {[%clk 0:12:12]} 13. O-O-O {[%clk 0:10:30]} Nbd7
{[%clk 0:12:08]} 14. g4 {[%clk 0:10:28]} Nf8 {[%clk 0:11:50]} 15. Rde1
{[%clk 0:08:56]} Ne6 {[%clk 0:11:48]} 16. Ne2 {[%clk 0:09:00]} exd4
{[%clk 0:07:57]} 17. g5 {[%clk 0:08:13]} Nd7 {[%clk 0:07:24]} 18. Nexd4
{[%clk 0:08:05]} Ne5 {[%clk 0:07:24]} 19. Nxe6+ {[%clk 0:07:54]} Bxe6
{[%clk 0:07:33]} 20. Nd4 {[%clk 0:07:22]} d5 {[%clk 0:06:58]} 21. Nxe6+
{[%clk 0:06:51]} Rxe6 {[%clk 0:07:06]} 22. Qc3 {[%clk 0:06:47]} Kg8
{[%clk 0:06:51]} 23. exd5 {[%clk 0:06:35]} Nxd3+ {[%clk 0:06:58]} 24. cxd3
{[%clk 0:06:28]} Qf4+ {[%clk 0:06:59]} 25. Qd2 {[%clk 0:06:25]} Qxd2+
{[%clk 0:07:05]} 26. Kxd2 {[%clk 0:06:34]} cxd5 {[%clk 0:07:00]} 27. Rxe6
{[%clk 0:06:16]} fxe6 {[%clk 0:07:09]} 28. Rc1 {[%clk 0:06:25]} Rf8
{[%clk 0:07:17]} 29. Ke3 {[%clk 0:06:26]} e5 {[%clk 0:05:47]} 30. Rc5
{[%clk 0:05:48]} d4+ {[%clk 0:05:48]} 31. Ke2 {[%clk 0:05:20]} Rf5
{[%clk 0:05:48]} 32. Rc8+ {[%clk 0:05:29]} Kg7 {[%clk 0:05:53]} 33. Rc7+
{[%clk 0:05:38]} Rf7 {[%clk 0:06:02]} 34. Rxf7+ {[%clk 0:05:40]} Kxf7
{[%clk 0:06:11]} 35. Kf3 {[%clk 0:05:49]} Ke6 {[%clk 0:06:08]} 36. Ke4
{[%clk 0:05:55]} a6 {[%clk 0:05:52]} 37. b4 {[%clk 0:05:32]} b6 {[%clk 0:05:59]}
38. f4 {[%clk 0:04:15]} exf4 {[%clk 0:06:08]} 39. Kxf4 {[%clk 0:04:14]} Kd5
{[%clk 0:06:16]} 40. a4 {[%clk 0:04:10]} a5 {[%clk 0:04:24]} 41. bxa5
{[%clk 0:04:19]} bxa5 {[%clk 0:04:33]} 42. h4 {[%clk 0:04:28]} Kc5
{[%clk 0:04:29]} 43. Ke5 {[%clk 0:04:37]} Kb4 {[%clk 0:04:37]} 44. Kxd4
{[%clk 0:04:45]} Kxa4 {[%clk 0:04:44]} 45. Kc4 {[%clk 0:04:54]} Ka3
{[%clk 0:04:49]} 46. d4 {[%clk 0:05:03]} a4 {[%clk 0:04:58]} 47. d5
{[%clk 0:05:12]} Kb2 {[%clk 0:05:05]} 48. d6 {[%clk 0:05:21]} a3 {[%clk 0:05:14]}
49. d7 {[%clk 0:05:30]} a2 {[%clk 0:05:23]} 50. d8=Q {[%clk 0:05:35]} a1=Q
{[%clk 0:05:29]} 51. Qh8+ {[%clk 0:05:43]} Ka2 {[%clk 0:05:34]} 52. Qxa1+
{[%clk 0:05:51]} Kxa1 {[%clk 0:05:42]} 53. Kd5 {[%clk 0:06:00]} Kb2
{[%clk 0:05:51]} 54. Ke6 {[%clk 0:06:09]} Kc3 {[%clk 0:06:00]} 55. Kf6
{[%clk 0:06:18]} Kd4 {[%clk 0:06:09]} 56. Kg7 {[%clk 0:06:27]} Ke5
{[%clk 0:06:19]} 57. Kxh7 {[%clk 0:06:35]} Kf5 {[%clk 0:06:28]} 58. Kh6
{[%clk 0:06:44]} 1-0

[Event "Turniej Przyjazni Polsko-Wegierskiej"]
[Site "Katowice"]
[Date "2018.05.05"]
[Round "5.4"]
[White "Kempinski, Robert"]
[Black "Janik, Igor"]
[Result "0-1"]
[BlackElo "2356"]
[WhiteElo "2583"]
[LiveChessVersion "1.4.8"]

1. Nf3 {[%clk 0:15:17]} d5 {[%clk 0:15:08]} 2. c4 {[%clk 0:15:24]} c6
{[%clk 0:15:16]} 3. e3 {[%clk 0:15:25]} Nf6 {[%clk 0:15:24]} 4. d4
{[%clk 0:15:30]} a6 {[%clk 0:15:22]} 5. c5 {[%clk 0:15:08]} g6 {[%clk 0:15:30]}
6. Bd3 {[%clk 0:15:04]} Bg7 {[%clk 0:15:36]} 7. h3 {[%clk 0:14:52]} O-O
{[%clk 0:15:35]} 8. O-O {[%clk 0:14:59]} Nbd7 {[%clk 0:15:42]} 9. Nc3
{[%clk 0:12:58]} Re8 {[%clk 0:15:36]} 10. Na4 {[%clk 0:11:08]} e5
{[%clk 0:11:34]} 11. dxe5 {[%clk 0:10:47]} Nxe5 {[%clk 0:11:42]} 12. Nxe5
{[%clk 0:10:50]} Rxe5 {[%clk 0:11:50]} 13. Nb6 {[%clk 0:10:52]} Rb8
{[%clk 0:11:30]} 14. e4 {[%clk 0:10:00]} Nxe4 {[%clk 0:10:42]} 15. Bf4
{[%clk 0:08:17]} Nxc5 {[%clk 0:10:45]} 16. Nxc8 {[%clk 0:06:56]} Rxc8
{[%clk 0:09:56]} 17. Bxe5 {[%clk 0:07:03]} Bxe5 {[%clk 0:10:04]} 18. Rc1
{[%clk 0:06:40]} Ne6 {[%clk 0:09:25]} 19. b3 {[%clk 0:06:20]} Qa5
{[%clk 0:08:27]} 20. Qe1 {[%clk 0:05:44]} Qxe1 {[%clk 0:06:40]} 21. Rfxe1
{[%clk 0:05:52]} Bd6 {[%clk 0:06:47]} 22. g3 {[%clk 0:05:53]} Kf8
{[%clk 0:06:54]} 23. h4 {[%clk 0:06:01]} Bb4 {[%clk 0:06:48]} 24. Re5
{[%clk 0:04:40]} Bd2 {[%clk 0:05:03]} 25. Rd1 {[%clk 0:04:19]} Nd4
{[%clk 0:04:45]} 26. Kg2 {[%clk 0:03:01]} f6 {[%clk 0:04:42]} 27. Rxd5
{[%clk 0:03:05]} cxd5 {[%clk 0:04:50]} 28. Rxd2 {[%clk 0:03:13]} Nc6
{[%clk 0:04:36]} 29. Be2 {[%clk 0:03:18]} Rd8 {[%clk 0:04:37]} 30. Bf3
{[%clk 0:03:21]} Ne7 {[%clk 0:04:45]} 31. Rc2 {[%clk 0:03:14]} Rd7
{[%clk 0:04:54]} 32. a4 {[%clk 0:03:05]} Kf7 {[%clk 0:05:00]} 33. a5
{[%clk 0:02:56]} Nc6 {[%clk 0:04:44]} 34. Rc5 {[%clk 0:02:47]} Ke6
{[%clk 0:04:50]} 35. Kf1 {[%clk 0:01:34]} Ke5 {[%clk 0:04:43]} 36. h5
{[%clk 0:00:35]} Kd4 {[%clk 0:04:33]} 37. b4 {[%clk 0:00:35]} Nxb4
{[%clk 0:04:25]} 38. Rc8 {[%clk 0:00:43]} gxh5 {[%clk 0:04:22]} 39. Rf8 Ke5
{[%clk 0:03:56]} 40. Re8+ {[%clk 0:01:00]} Kd6 {[%clk 0:03:41]} 41. Bxh5
{[%clk 0:01:08]} Nc6 {[%clk 0:03:40]} 42. Bg4 {[%clk 0:01:16]} Re7
{[%clk 0:03:08]} 43. Rf8 {[%clk 0:01:24]} Nxa5 {[%clk 0:03:12]} 44. Rxf6+
{[%clk 0:01:32]} Kc5 {[%clk 0:03:20]} 45. f4 {[%clk 0:01:36]} Nc4
{[%clk 0:03:27]} 46. Kf2 {[%clk 0:01:36]} a5 {[%clk 0:03:31]} 47. Rf8
{[%clk 0:01:31]} a4 {[%clk 0:03:20]} 48. f5 {[%clk 0:01:37]} Ne5 {[%clk 0:03:11]}
49. Bh5 {[%clk 0:01:26]} b5 {[%clk 0:02:45]} 50. f6 {[%clk 0:01:28]} Rb7
{[%clk 0:02:45]} 51. Re8 {[%clk 0:01:11]} Kd4 {[%clk 0:02:42]} 52. g4
{[%clk 0:00:40]} a3 {[%clk 0:02:46]} 53. g5 {[%clk 0:00:46]} b4 {[%clk 0:02:31]}
54. Re7 {[%clk 0:00:53]} a2 {[%clk 0:02:10]} 55. f7 {[%clk 0:00:36]} Rb8
{[%clk 0:01:23]} 56. Re8 {[%clk 0:00:31]} Nxf7 {[%clk 0:01:14]} 57. Rxb8
{[%clk 0:00:39]} a1=Q {[%clk 0:01:21]} 58. Bxf7 {[%clk 0:00:47]} Qa7
{[%clk 0:01:25]} 0-1

[Event "Turniej Przyjazni Polsko-Wegierskiej"]
[Site "Katowice"]
[Date "2018.05.05"]
[Round "5.5"]
[White "Jarmula, Lukasz"]
[Black "Pakleza, Zbigniew"]
[Result "1/2-1/2"]
[BlackElo "2549"]
[WhiteElo "2222"]
[LiveChessVersion "1.4.8"]

1. d4 {[%clk 0:15:18]} d6 {[%clk 0:15:18]} 2. e4 {[%clk 0:15:23]} Nf6
{[%clk 0:15:26]} 3. Nc3 {[%clk 0:15:32]} c6 {[%clk 0:15:35]} 4. a4
{[%clk 0:15:37]} Nbd7 {[%clk 0:15:43]} 5. Nf3 {[%clk 0:15:43]} e5
{[%clk 0:15:52]} 6. Bc4 {[%clk 0:15:48]} Be7 {[%clk 0:16:01]} 7. O-O
{[%clk 0:15:56]} O-O {[%clk 0:16:09]} 8. a5 {[%clk 0:16:02]} h6 {[%clk 0:16:00]}
9. h3 {[%clk 0:15:48]} Re8 {[%clk 0:16:07]} 10. Re1 {[%clk 0:14:19]} Qc7
{[%clk 0:16:11]} 11. dxe5 {[%clk 0:13:24]} dxe5 {[%clk 0:16:01]} 12. Nh4
{[%clk 0:13:17]} Nf8 {[%clk 0:15:39]} 13. Nf5 {[%clk 0:11:25]} Bxf5
{[%clk 0:15:04]} 14. exf5 {[%clk 0:11:33]} Bb4 {[%clk 0:14:51]} 15. a6
{[%clk 0:10:16]} b5 {[%clk 0:14:59]} 16. Bf1 {[%clk 0:09:54]} Rad8
{[%clk 0:13:31]} 17. Qf3 {[%clk 0:09:46]} e4 {[%clk 0:13:18]} 18. Qf4
{[%clk 0:09:29]} Qxf4 {[%clk 0:12:17]} 19. Bxf4 {[%clk 0:09:37]} Bxc3
{[%clk 0:12:24]} 20. bxc3 {[%clk 0:09:45]} Nd5 {[%clk 0:12:33]} 21. Bd2
{[%clk 0:09:12]} Nd7 {[%clk 0:11:10]} 22. c4 {[%clk 0:08:49]} bxc4
{[%clk 0:10:38]} 23. Bxc4 {[%clk 0:08:49]} N7b6 {[%clk 0:10:43]} 24. Bb3
{[%clk 0:08:07]} Ne7 {[%clk 0:09:40]} 25. Be3 {[%clk 0:05:34]} Nxf5
{[%clk 0:09:48]} 26. Bxb6 {[%clk 0:05:22]} axb6 {[%clk 0:09:57]} 27. a7
{[%clk 0:05:22]} Nd4 {[%clk 0:08:52]} 28. Ra6 {[%clk 0:05:22]} b5
{[%clk 0:08:35]} 29. Rea1 {[%clk 0:04:48]} Ra8 {[%clk 0:08:34]} 30. Rb6
{[%clk 0:04:29]} Kf8 {[%clk 0:03:07]} 31. Rb7 {[%clk 0:03:42]} Re7
{[%clk 0:03:07]} 32. Rb8+ {[%clk 0:03:48]} Re8 {[%clk 0:03:16]} 33. Rb7
{[%clk 0:03:48]} Re7 {[%clk 0:03:18]} 34. Rb8+ 1/2-1/2

[Event "Turniej Przyjazni Polsko-Wegierskiej"]
[Site "Katowice"]
[Date "2018.05.05"]
[Round "5.6"]
[White "Krasenkow, Michal"]
[Black "Tworzydlo, Piotr"]
[Result "1/2-1/2"]
[BlackElo "2196"]
[WhiteElo "2546"]
[LiveChessVersion "1.4.8"]

1. c4 {[%clk 0:15:10]} Nf6 {[%clk 0:15:10]} 2. d4 {[%clk 0:15:10]} g6
{[%clk 0:15:10]} 3. Nc3 {[%clk 0:15:10]} d5 {[%clk 0:15:10]} 4. cxd5
{[%clk 0:15:10]} Nxd5 {[%clk 0:15:10]} 5. e4 {[%clk 0:15:10]} Nxc3
{[%clk 0:15:10]} 6. bxc3 {[%clk 0:15:10]} Bg7 {[%clk 0:15:10]} 7. Bg5
{[%clk 0:15:10]} c5 {[%clk 0:14:50]} 8. Rc1 {[%clk 0:15:19]} cxd4
{[%clk 0:14:05]} 9. cxd4 {[%clk 0:15:27]} O-O {[%clk 0:14:05]} 10. d5
{[%clk 0:15:33]} h6 {[%clk 0:13:07]} 11. Be3 {[%clk 0:15:40]} Nd7
{[%clk 0:12:28]} 12. Qd2 {[%clk 0:15:23]} Kh7 {[%clk 0:12:22]} 13. h4
{[%clk 0:14:08]} Ne5 {[%clk 0:11:47]} 14. Be2 {[%clk 0:12:38]} Bg4
{[%clk 0:09:16]} 15. f4 {[%clk 0:12:08]} Bxe2 {[%clk 0:09:16]} 16. Qxe2
{[%clk 0:12:16]} Nd7 {[%clk 0:08:41]} 17. h5 {[%clk 0:12:24]} Nf6
{[%clk 0:08:24]} 18. hxg6+ {[%clk 0:11:02]} fxg6 {[%clk 0:08:32]} 19. Rc4
{[%clk 0:07:28]} Qa5+ {[%clk 0:06:48]} 20. Qd2 {[%clk 0:07:29]} Qa6
{[%clk 0:06:31]} 21. Qe2 {[%clk 0:06:55]} Rac8 {[%clk 0:04:37]} 22. Rxc8
{[%clk 0:06:58]} Rxc8 {[%clk 0:04:46]} 23. Qxa6 {[%clk 0:06:48]} bxa6
{[%clk 0:04:55]} 24. Nf3 {[%clk 0:06:50]} Nxe4 {[%clk 0:04:54]} 25. Ng5+
{[%clk 0:06:57]} Nxg5 {[%clk 0:04:45]} 26. fxg5 {[%clk 0:07:06]} h5
{[%clk 0:04:19]} 27. Rh4 {[%clk 0:07:14]} Rc2 {[%clk 0:04:12]} 28. Re4
{[%clk 0:05:13]} Rc7 {[%clk 0:01:57]} 29. Ra4 {[%clk 0:05:07]} a5
{[%clk 0:01:56]} 30. Ke2 {[%clk 0:04:50]} Bc3 {[%clk 0:01:42]} 31. Kd3
{[%clk 0:04:18]} Bb4 {[%clk 0:01:23]} 32. Bd4 {[%clk 0:04:25]} Rb7
{[%clk 0:01:03]} 33. Be5 {[%clk 0:03:32]} Kg8 {[%clk 0:00:46]} 34. a3
{[%clk 0:03:33]} Bc5 {[%clk 0:00:32]} 35. Rxa5 {[%clk 0:03:30]} Bb6
{[%clk 0:00:23]} 36. Rb5 {[%clk 0:03:14]} Rd7 {[%clk 0:00:32]} 37. Ke4
{[%clk 0:03:14]} Kf7 {[%clk 0:00:41]} 38. a4 {[%clk 0:03:24]} Bf2
{[%clk 0:00:30]} 39. a5 {[%clk 0:02:15]} a6 {[%clk 0:00:25]} 40. Rb1
{[%clk 0:01:58]} Ke8 {[%clk 0:00:27]} 41. Rb8+ {[%clk 0:01:43]} Rd8
{[%clk 0:00:35]} 42. Rb7 {[%clk 0:01:48]} Rd7 {[%clk 0:00:44]} 43. Rb1
{[%clk 0:01:34]} Bc5 {[%clk 0:00:32]} 44. Bc3 {[%clk 0:01:28]} Bf2
{[%clk 0:00:15]} 45. Rf1 {[%clk 0:01:24]} Bc5 {[%clk 0:00:22]} 46. Ke5
{[%clk 0:01:05]} Bd6+ {[%clk 0:00:25]} 47. Ke6 {[%clk 0:01:05]} Bc5
{[%clk 0:00:15]} 48. Bg7 {[%clk 0:00:58]} Rd6+ {[%clk 0:00:22]} 49. Ke5
{[%clk 0:01:07]} Bb4 {[%clk 0:00:27]} 50. Rf8+ {[%clk 0:01:10]} Kd7
{[%clk 0:00:36]} 51. Ke4 {[%clk 0:01:06]} Bxa5 {[%clk 0:00:41]} 52. Ra8
{[%clk 0:01:12]} Rb6 {[%clk 0:00:44]} 53. Bf8 {[%clk 0:01:05]} Rb4+
{[%clk 0:00:36]} 54. Kd3 {[%clk 0:01:15]} Bd8 {[%clk 0:00:33]} 55. Rxa6
{[%clk 0:01:21]} Rb6 {[%clk 0:00:19]} 56. Ra2 {[%clk 0:00:57]} Rb3+
{[%clk 0:00:22]} 57. Kc4 {[%clk 0:00:55]} Rg3 {[%clk 0:00:31]} 58. Bh6
{[%clk 0:01:04]} Bc7 {[%clk 0:00:28]} 59. Kd4 {[%clk 0:00:22]} Bf4
{[%clk 0:00:26]} 60. Ra7+ {[%clk 0:00:27]} Ke8 {[%clk 0:00:31]} 61. Ra8+
{[%clk 0:00:35]} Kd7 {[%clk 0:00:40]} 62. Ra7+ {[%clk 0:00:42]} 1/2-1/2

[Event "Turniej Przyjazni Polsko-Wegierskiej"]
[Site "Katowice"]
[Date "2018.05.05"]
[Round "5.7"]
[White "Gumula, Daniel"]
[Black "Klekowski, Maciej"]
[Result "0-1"]
[BlackElo "2536"]
[WhiteElo "2207"]
[LiveChessVersion "1.4.8"]

1. b3 {[%clk 0:15:19]} Nf6 {[%clk 0:15:05]} 2. Bb2 {[%clk 0:15:25]} d5
{[%clk 0:15:06]} 3. f4 {[%clk 0:15:04]} c5 {[%clk 0:14:53]} 4. e3
{[%clk 0:14:25]} Nc6 {[%clk 0:14:53]} 5. Nf3 {[%clk 0:14:24]} a6 {[%clk 0:14:59]}
6. g3 {[%clk 0:12:30]} g6 {[%clk 0:14:56]} 7. Bg2 {[%clk 0:12:15]} Bg7
{[%clk 0:15:04]} 8. O-O {[%clk 0:12:19]} O-O {[%clk 0:15:10]} 9. Ne5
{[%clk 0:11:57]} Bd7 {[%clk 0:14:17]} 10. Qf3 {[%clk 0:09:21]} Nb4
{[%clk 0:12:21]} 11. Na3 {[%clk 0:09:14]} Rc8 {[%clk 0:12:25]} 12. d3
{[%clk 0:08:43]} Ng4 {[%clk 0:09:57]} 13. e4 {[%clk 0:03:52]} Nxe5
{[%clk 0:09:47]} 14. Bxe5 {[%clk 0:02:57]} Bxe5 {[%clk 0:09:55]} 15. fxe5
{[%clk 0:03:06]} d4 {[%clk 0:10:04]} 16. Qf4 {[%clk 0:01:32]} Qc7
{[%clk 0:09:56]} 17. Nc4 {[%clk 0:00:45]} Nc6 {[%clk 0:09:41]} 18. Qh6
{[%clk 0:00:24]} Nxe5 {[%clk 0:09:29]} 19. Rf4 {[%clk 0:00:30]} f6
{[%clk 0:09:16]} 20. Nxe5 {[%clk 0:00:20]} Qxe5 {[%clk 0:09:24]} 21. Bh3
{[%clk 0:00:26]} Bxh3 {[%clk 0:09:11]} 22. Qxh3 {[%clk 0:00:34]} Rc7
{[%clk 0:09:12]} 23. Raf1 {[%clk 0:00:32]} b5 {[%clk 0:09:14]} 24. g4
{[%clk 0:00:16]} Kg7 {[%clk 0:08:59]} 25. Qg3 {[%clk 0:00:12]} c4
{[%clk 0:08:49]} 26. dxc4 {[%clk 0:00:14]} bxc4 {[%clk 0:08:57]} 27. bxc4
{[%clk 0:00:22]} Rxc4 {[%clk 0:08:58]} 28. Qb3 {[%clk 0:00:29]} Rfc8
{[%clk 0:08:45]} 29. R1f2 {[%clk 0:00:20]} Rxc2 {[%clk 0:08:34]} 30. Rxc2
{[%clk 0:00:29]} Rxc2 {[%clk 0:08:42]} 31. Qxc2 {[%clk 0:00:37]} Qxf4
{[%clk 0:08:51]} 32. h3 {[%clk 0:00:38]} Qg3+ {[%clk 0:08:36]} 0-1

[Event "Turniej Przyjazni Polsko-Wegierskiej"]
[Site "Katowice"]
[Date "2018.05.05"]
[Round "5.8"]
[White "Lukasiewicz, Krzysztof"]
[Black "Hnydiuk, Aleksander"]
[Result "0-1"]
[BlackElo "2408"]
[WhiteElo "2096"]
[LiveChessVersion "1.4.8"]

1. e4 {[%clk 0:15:19]} Nf6 {[%clk 0:15:19]} 2. e5 {[%clk 0:15:28]} Nd5
{[%clk 0:15:28]} 3. d4 {[%clk 0:15:37]} d6 {[%clk 0:15:37]} 4. Nf3
{[%clk 0:15:46]} dxe5 {[%clk 0:15:29]} 5. Nxe5 {[%clk 0:15:53]} c6
{[%clk 0:15:37]} 6. Be2 {[%clk 0:15:22]} Nd7 {[%clk 0:15:16]} 7. Nf3
{[%clk 0:15:12]} N7f6 {[%clk 0:15:13]} 8. c4 {[%clk 0:15:21]} Nb6
{[%clk 0:15:12]} 9. Nc3 {[%clk 0:15:04]} Bg4 {[%clk 0:15:05]} 10. b3
{[%clk 0:15:10]} e6 {[%clk 0:15:04]} 11. Be3 {[%clk 0:15:14]} Bb4
{[%clk 0:15:02]} 12. Bd2 {[%clk 0:14:20]} Bxf3 {[%clk 0:15:01]} 13. Bxf3
{[%clk 0:14:28]} Qxd4 {[%clk 0:15:08]} 14. Rc1 {[%clk 0:14:37]} O-O-O
{[%clk 0:13:57]} 15. Rc2 {[%clk 0:14:46]} Qd3 {[%clk 0:08:23]} 16. Qc1
{[%clk 0:13:27]} Nbd7 {[%clk 0:07:04]} 17. Be2 {[%clk 0:07:47]} Qg6
{[%clk 0:07:07]} 18. O-O {[%clk 0:07:29]} Ba3 {[%clk 0:03:09]} 19. Qb1
{[%clk 0:06:22]} Bc5 {[%clk 0:03:05]} 20. b4 {[%clk 0:05:39]} Bd4
{[%clk 0:02:04]} 21. Qb3 {[%clk 0:03:23]} Ne5 {[%clk 0:01:50]} 22. Bf4
{[%clk 0:02:55]} Nh5 {[%clk 0:01:28]} 23. Bxh5 {[%clk 0:02:04]} Qxh5
{[%clk 0:01:37]} 24. b5 {[%clk 0:01:09]} c5 {[%clk 0:01:37]} 25. Qa4
{[%clk 0:01:14]} Qf5 {[%clk 0:00:36]} 26. Bg3 {[%clk 0:00:58]} h5
{[%clk 0:00:29]} 27. Ne2 {[%clk 0:00:47]} Kb8 {[%clk 0:00:14]} 28. Nxd4
{[%clk 0:00:45]} Rxd4 {[%clk 0:00:23]} 29. b6 {[%clk 0:00:24]} a6
{[%clk 0:00:23]} 30. Re2 {[%clk 0:00:32]} f6 {[%clk 0:00:20]} 31. h3
{[%clk 0:00:17]} Rhd8 {[%clk 0:00:24]} 32. Rfe1 {[%clk 0:00:24]} Qd3
{[%clk 0:00:18]} 33. Bxe5+ {[%clk 0:00:19]} fxe5 {[%clk 0:00:27]} 34. Rxe5
{[%clk 0:00:19]} Qxc4 {[%clk 0:00:29]} 35. Qxc4 {[%clk 0:00:18]} Rxc4
{[%clk 0:00:38]} 36. Rxe6 {[%clk 0:00:28]} Rc2 {[%clk 0:00:32]} 37. R1e5
{[%clk 0:00:20]} c4 {[%clk 0:00:27]} 38. Rc5 {[%clk 0:00:15]} Rc8
{[%clk 0:00:26]} 39. Rg5 {[%clk 0:00:20]} c3 {[%clk 0:00:30]} 40. Rxg7
{[%clk 0:00:14]} Rb2 {[%clk 0:00:38]} 41. Re3 {[%clk 0:00:00]} c2
{[%clk 0:00:31]} 0-1

[Event "Turniej Przyjazni Polsko-Wegierskiej"]
[Site "Katowice"]
[Date "2018.05.05"]
[Round "5.9"]
[White "Kazakov, Mikhail"]
[Black "Dors, Ryszard"]
[Result "1-0"]
[BlackElo "2188"]
[WhiteElo "2382"]
[LiveChessVersion "1.4.8"]

1. d4 {[%clk 0:15:14]} Nf6 {[%clk 0:15:18]} 2. c4 {[%clk 0:15:19]} g6
{[%clk 0:15:26]} 3. Nc3 {[%clk 0:15:26]} d5 {[%clk 0:15:34]} 4. Bg5
{[%clk 0:15:24]} Bg7 {[%clk 0:15:34]} 5. Bxf6 {[%clk 0:15:17]} Bxf6
{[%clk 0:15:43]} 6. cxd5 {[%clk 0:15:23]} c6 {[%clk 0:15:26]} 7. e3
{[%clk 0:14:41]} cxd5 {[%clk 0:15:24]} 8. Nf3 {[%clk 0:14:39]} Nc6
{[%clk 0:14:41]} 9. h3 {[%clk 0:14:39]} O-O {[%clk 0:14:22]} 10. Be2
{[%clk 0:14:41]} Be6 {[%clk 0:11:34]} 11. O-O {[%clk 0:14:26]} Qa5
{[%clk 0:11:13]} 12. Na4 {[%clk 0:13:51]} Bf5 {[%clk 0:10:23]} 13. a3
{[%clk 0:13:29]} Rac8 {[%clk 0:09:38]} 14. b4 {[%clk 0:09:48]} Qd8
{[%clk 0:09:23]} 15. Rc1 {[%clk 0:09:22]} e5 {[%clk 0:09:03]} 16. b5
{[%clk 0:08:14]} e4 {[%clk 0:09:11]} 17. bxc6 {[%clk 0:08:09]} exf3
{[%clk 0:09:19]} 18. Bxf3 {[%clk 0:08:10]} bxc6 {[%clk 0:09:28]} 19. Qd2
{[%clk 0:07:19]} Be7 {[%clk 0:09:03]} 20. Nc5 {[%clk 0:07:11]} Qd6
{[%clk 0:08:57]} 21. Qa5 {[%clk 0:06:58]} Rc7 {[%clk 0:08:37]} 22. Rc3
{[%clk 0:06:52]} Bd8 {[%clk 0:08:29]} 23. Qa4 {[%clk 0:06:35]} Qf6
{[%clk 0:06:10]} 24. Bg4 {[%clk 0:05:11]} Bxg4 {[%clk 0:05:11]} 25. hxg4
{[%clk 0:05:19]} Re8 {[%clk 0:05:06]} 26. Na6 {[%clk 0:03:55]} Rc8
{[%clk 0:05:11]} 27. Nb4 {[%clk 0:04:00]} Re6 {[%clk 0:03:13]} 28. Nxd5
{[%clk 0:03:13]} Qh4 {[%clk 0:03:21]} 29. Qd1 {[%clk 0:02:27]} g5
{[%clk 0:03:02]} 30. Qf3 {[%clk 0:01:52]} Rh6 {[%clk 0:02:02]} 31. Qh3
{[%clk 0:02:00]} Qxh3 {[%clk 0:02:04]} 32. gxh3 {[%clk 0:02:09]} Rxh3
{[%clk 0:02:12]} 33. Rfc1 {[%clk 0:02:06]} Rh4 {[%clk 0:02:11]} 34. f3
{[%clk 0:02:07]} Rb8 {[%clk 0:02:01]} 35. Rxc6 {[%clk 0:02:04]} Rb2
{[%clk 0:02:00]} 36. R6c2 {[%clk 0:01:53]} Rb3 {[%clk 0:01:27]} 37. Rc8
{[%clk 0:01:35]} Rb2 {[%clk 0:01:36]} 38. Rxd8+ {[%clk 0:00:35]} Kg7
{[%clk 0:01:46]} 39. Ne7 {[%clk 0:00:44]} Rhh2 {[%clk 0:01:32]} 40. Nf5+
{[%clk 0:00:50]} Kg6 {[%clk 0:01:41]} 41. Rg8+ {[%clk 0:00:39]} Kf6
{[%clk 0:01:42]} 42. Rc6# {[%clk 0:00:47]} 1-0